| 000 | 00494pam a2200157a 44500 | ||
|---|---|---|---|
| 008 | 230515b1999 xxu||||| |||| 00| 0 eng d | ||
| 020 | _a0 582 09383 X | ||
| 041 | _aENG | ||
| 082 | _a722.4 | ||
| 100 | _aDOSHI BALKRISHNA | ||
| 245 | _aWORLD ARCHITECTURE,ISSUE NO, 44, MARCH 1996, BALKRISHNA DOSHI, SAUDI ARABIA REPORT RASEM BADRAN, FACE GRIMSHAWS RAC CENTRE IN DETAIL, PROJECTS IN OSLO, SYDNEY & OKLAHOMA. | ||
| 250 | _a1 | ||
| 260 |
_aNULL _bNULL _c1999 |
||
| 300 | _a102 | ||
| 650 | _aNULL | ||
| 999 |
_c475487 _d475487 |
||